Statistics for Football Teams Diego Carlos Played For

Click here to take the quiz!

General Stats

  • This quiz has been taken 9 times
  • The average score is 4 of 5

Answer Stats

LeagueYearsTeam% Correct
England2022-Aston Villa
100%
Portugal2014-2015FC Porto B
86%
Spain2019-2022Sevilla FC
86%
France2016-2019FC Nantes
71%
Portugal2015-2016GD Estoril Praia
57%

Score Distribution

Percentile by Number Answered

Percent of People with Each Score

Your Score History

You have not taken this quiz